| 000 | 01058nmc a2200277 a 4500 | ||
|---|---|---|---|
| 003 | AR-BaBNM | ||
| 005 | 20251128203708.0 | ||
| 008 | 011101s1970 ||||||||||||||000 | spa|| | ||
| 040 | _cAR-BaBNM | ||
| 100 | 1 | _aGnagey, William J. | |
| 245 | 1 | 0 | _aCómo controlar la indisciplina en clase |
| 260 |
_aBuenos Aires _bLibrería del Colegio _bCentro Regional de Ayuda Técnica _c1970 |
||
| 300 | 0 | _ap. irreg. | |
| 490 | 0 |
_aNueva pedagogía _vv. 32 |
|
| 500 | 1 | _aEsta publicación ha sido preparada por la editorial y el Centro Regional de Ayuda Técnica, Agencia para el Desarrollo Internacional A.I.D., Departamento de Estado del Gobierno de los Estados Unidos de América. El Centro es una organización dedicada a prod | |
| 504 | _aContiene bibliografía | ||
| 650 | 4 | _aDISCIPLINA ESCOLAR | |
| 650 | 4 | _aCOMPORTAMIENTO DEL ALUMNO | |
| 650 | 4 | _aRELACION ALUMNO-DOCENTE | |
| 650 | 4 | _aAMBIENTE DE LA CLASE | |
| 650 | 4 | _aPROBLEMAS DISCIPLINARIOS | |
| 650 | 4 | _aAPRENDIZAJE | |
| 700 | 1 |
_aSchawrz, Rodolfo E. _etraductor |
|
| 942 | _cBK | ||
| 998 | _cSILVI | ||
| 999 |
_c4524 _d4524 |
||